| 000 | 00458nam a2200157Ia 4500 | ||
|---|---|---|---|
| 008 | 151021s9999 xx 000 0 und d | ||
| 020 | _a130831344 | ||
| 050 | _aGE 105 .N42 2000 | ||
| 245 | _a_Environmental Science / Bernard J. Nebel | ||
| 260 | _aNew Jersey : Prentice Hall, 2000 | ||
| 300 | _axxiii,664 p. | ||
| 500 | _aIncludes index | ||
| 650 | _a_Environmental Science | ||
| 700 | _a_Richard T. Wright | ||
| 980 | _a^d20110705 04:29:36^okilerai | ||
| 999 |
_c7402 _d7402 |
||